| 000 | 00562nam a22001817a 4500 | ||
|---|---|---|---|
| 005 | 20251108164145.0 | ||
| 008 | 250721s1989 xx 000 0 ara d | ||
| 082 | 1 | 4 | _a928.1/عطو |
| 100 | 1 | _aعطوى، فوزي | |
| 245 | 1 | 0 |
_aجبران خليل جبران : عبقري من لبنان : _bعبقري من لبنان / |
| 264 | 1 |
_aبيروت : _bدار الفكر العربي، _c1989. |
|
| 300 | _a167 ص | ||
| 490 | 0 | _aأعلام الفكر العربي | |
| 650 | 1 | 7 | _aالتراجم |
| 650 | 1 | 7 | _aالأدباء |
| 942 |
_2ddc _cBK |
||
| 999 |
_c5091 _d5091 |
||